| 000 | 01268 a2200217 4500 | ||
|---|---|---|---|
| 001 | 54797 | ||
| 005 | 20260407155824.0 | ||
| 008 | 260407a1967 arg spa d | ||
| 003 | AR-UNSa-BCEJYS | ||
| 040 |
_aAR-UNSa-BCEJYS _bspa _cAR-UNSa-BCEJYS |
||
| 080 |
_a304.9 _xCrítica de la situación social. Planes para la mejora de la sociedad. Utopías sociales |
||
| 245 | 1 | 0 | _aPlanificación sociológica de los problemas sociales |
| 264 | 1 |
_aBuenos Aires : _bPaidós _c1967 |
|
| 300 |
_a221 p. _c22 cm. |
||
| 505 | _a1. La pobreza urbana y la planificación social,por Herbert J. Gans - 2. Del tratamiento de la delincuencia al desarrollo de la comunidad,por Alfred J. Kahn - 3. La investigación y los conflictos que surgen al desarrollar programas sociales,por Elmer Luchterhand - 4. La escuela y la familia: La vinculación de las organizaciones con los grupos primarios externos,por Eugene Litwak y Henry J. Meyer - 5. La desocupación,la mano de obra y el desarrollo regional,por Harold L. Sheppard - 6. La salud pública,por Edward A. Suchman - 7. La vejez,por Gordon F. Streib y Harold L. Orbach | ||
| 942 | _cBK | ||
| 590 | _aniveau_biblio:m niveau_hierar:0 | ||
| 100 | 1 | _aLazarsfeld, Paul F. | |
| 700 | 1 | _aSewell, William H. | |
| 700 | 1 | _aWilensky, Harold L. | |
| 999 |
_c5813 _d5813 |
||